Statistics for 20 Most Streamed Songs from 2019 on Spotify

Click here to take the quiz!

General Stats

  • This quiz has been taken 147 times
    (137 since last reset)
  • The average score is 15 of 20

Answer Stats

ArtistSongs% Correct
Ariana Grandethank u, next
98%
Ariana Grande7 rings
98%
Billie Eilishwhen the party's over
96%
Billie Eilisheverything i wanted
96%
Billie Eilishbad guy
96%
Harry StylesWatermelon Sugar
93%
Harry StylesAdore You
93%
Lil Nas XOld Town Road
91%
Post MaloneCircles
89%
Post MaloneSunflower
89%
Post MaloneWow.
89%
Shawn MendesSeñorita
86%
Dua LipaDon't Start Now
77%
Lewis CapaldiSomeone You Loved
75%
Tones And IDance Monkey
72%
Roddy RichThe Box
57%
Arizona ZervasROXANNE
28%
SAINt JHNRoses
21%
J BalvinLA CANCIÓN
20%
Karol GTusa
17%

Score Distribution

Percentile by Number Answered

Percent of People with Each Score

Your Score History

You have not taken this quiz since the last reset